| 000 | 00442pab a2200157 454500 | ||
|---|---|---|---|
| 008 | 180718b2000 xxu||||| |||| 00| 0 eng d | ||
| 100 | _aNaim, Moises | ||
| 245 | _aFads and fashion in economic reforms: Washington consensus or Washington confusion? | ||
| 260 | _c2000 | ||
| 300 | _ap.505-28 | ||
| 362 | _aJun | ||
| 650 | _aEconomic reform - United States | ||
| 650 | _aEconomic reform | ||
| 773 | _aThird World Quarterly | ||
| 909 | _a46294 | ||
| 999 |
_c46294 _d46294 |
||